DYNAMICKÁ LOMOVÁ HOUŽEVNATOST

Bibliographic Details
Main Authors: Man, Jiří (Author), Holzmann, Miloslav (Author)
Format: Article
Language:Czech

MARC

LEADER 00000nab a2200000uu 4500
001 vtls011504917
003 SK-MaSNL
005 20260303155352.0
008 230222|1977 xo |||||||||||||||||cze|
015 |a SNBRB 
035 |a (urnnbn)urn:nbn:sk:snk:ar-a0aloj 
035 |a (uuid)f76f8e35-19e7-4094-9ad4-f7902c73daf1 
035 |a urn:nbn:sk:snk-abdyge 
040 |a SNKBUCL  |b slo  |c SNKBUCL  |e AACR2 
041 0 |a cze 
044 |a xo  |c SK 
100 1 |a Man, Jiří  |4 aut  |9 5865 
245 1 0 |a DYNAMICKÁ LOMOVÁ HOUŽEVNATOST  |c Jiří Man, Miloslav Holzmann 
700 1 |a Holzmann, Miloslav  |4 aut  |9 955822 
773 0 |t Zváranie : odborný časopis československých zváračov  |g Roč. 26, č. 9 (1977), s. 40, 33-36, 37 
954 |a odborná, vedecká literatúra pôvodná (slovenská)  |2 lita 
954 |a odborná, vedecká literatúra cudzojazyčná (svetová)  |2 lita 
958 |a OND 
958 |a EUIPO 
958 |a article20 
999 |c 2039865  |d 2041795